[Event "Malaysian Open"]
[Site "Kuala Lumpur MAS"]
[Date "2011.08.20"]
[Round "5.4"]
[White "Wen, Yang"]
[Black "Irwanto, Sadikin"]
[Result "1/2-1/2"]
[WhiteTitle "GM"]
[BlackTitle "IM"]
[WhiteElo "2558"]
[BlackElo "2417"]
[WhiteFideId "8602956"]
[BlackFideId "7100590"]
[EventDate "2011.08.18"]

1. d4 d5 2. c4 e6 3. Nf3 c6 4. Qc2 Nf6 5. Nbd2 Nbd7 6. g3 Bd6 7. Bg2 O-O 8. O-O
Qe7 9. b3 Re8 10. Bb2 e5 11. cxd5 cxd5 12. dxe5 Nxe5 13. Nd4 g6 14. e4 dxe4 15.
Nxe4 Nxe4 16. Qxe4 a6 17. Rae1 Nd3 18. Qxd3 Qxe1 19. Nf3 Qe7 20. h4 Ba3 1/2-1/2

[Event "Malaysian Open"]
[Site "Kuala Lumpur MAS"]
[Date "2011.08.20"]
[Round "5.6"]
[White "Cao, Sang"]
[Black "Yu, Lie"]
[Result "1/2-1/2"]
[WhiteTitle "GM"]
[BlackTitle "IM"]
[WhiteElo "2533"]
[BlackElo "2414"]
[WhiteFideId "725056"]
[BlackFideId "8603715"]
[EventDate "2011.08.18"]

1. e4 e5 2. Nf3 Nc6 3. Bb5 Nf6 4. d4 exd4 5. O-O a6 6. Ba4 Be7 7. e5 Ne4 8. Nxd4
O-O 9. Nf5 d5 10. Nxe7+ Nxe7 11. c3 Nc5 12. Bc2 Bf5 13. Bxf5 Nxf5 14. Nd2 d4 15.
cxd4 Nxd4 16. Nf3 Nce6 17. Be3 c5 18. Bxd4 cxd4 19. Qb3 b5 20. Rad1 Qb6 21. Nd2
Rad8 22. Ne4 Nc5 1/2-1/2

[Event "Malaysian Open"]
[Site "Kuala Lumpur MAS"]
[Date "2011.08.20"]
[Round "5.7"]
[White "Udani, Ian"]
[Black "Lu, Shanglei"]
[Result "0-1"]
[BlackTitle "IM"]
[WhiteElo "2307"]
[BlackElo "2526"]
[WhiteFideId "5206243"]
[BlackFideId "8603332"]
[EventDate "2011.08.18"]

1. d4 d5 2. c4 e6 3. Nf3 Nf6 4. Nc3 dxc4 5. e3 a6 6. Bxc4 b5 7. Bd3 Bb7 8. O-O
Nbd7 9. Qe2 c5 10. Rd1 b4 11. Na4 cxd4 12. Nxd4 Bd6 13. b3 Qb8 14. h3 O-O 15.
Bb2 Ne5 16. Bc2 Ng6 17. Nf3 Rd8 18. Bd4 a5 19. Bb6 Rc8 20. Bd4 Nd5 21. Rac1 f5
22. Bb1 Bc6 23. Nc5 Bb5 24. Bd3 Bxd3 25. Nxd3 Rxc1 26. Nxc1 Qc7 27. Nd2 Bh2+ 28.
Kh1 Be5 29. Nc4 Bf6 30. Bxf6 gxf6 31. Qf3 Re8 32. Ne2 Kh8 33. e4 fxe4 34. Qxe4
Re7 35. Rd4 f5 36. Qb1 Rg7 37. Qc1 Nge7 38. Qh6 Qb7 39. f3 Ng6 40. h4 Qa7 41. h5
Ngf4 42. Rxf4 Qf2 43. g4 fxg4 44. Qxe6 Qe1+ 0-1

[Event "Malaysian Open"]
[Site "Kuala Lumpur MAS"]
[Date "2011.08.20"]
[Round "5.8"]
[White "Tan, Justin2"]
[Black "Dao, Thien Hai"]
[Result "0-1"]
[BlackTitle "GM"]
[WhiteElo "2161"]
[BlackElo "2492"]
[WhiteFideId "3206882"]
[BlackFideId "12400084"]
[EventDate "2011.08.18"]

1. e4 c5 2. Nf3 Nc6 3. d4 cxd4 4. Nxd4 Qb6 5. Nb3 Nf6 6. Nc3 e6 7. Qe2 d6 8. f3
Qc7 9. Be3 a6 10. g4 b5 11. Qf2 Bb7 12. O-O-O Nd7 13. Kb1 Nce5 14. a3 Be7 15. h4
O-O 16. Rg1 Nc4 17. Bxc4 bxc4 18. Nd4 Rab8 19. g5 Ba8 20. Ka1 Qa5 21. Bd2 Qb6
22. Na4 Qb7 23. Bc1 Nb6 24. Nc3 d5 25. Bf4 Rbe8 26. g6 fxg6 27. Nxe6 Bxa3 28.
bxa3 Rxe6 29. exd5 Ref6 30. Rb1 Rxf4 31. Qxb6 Qe7 32. d6 Qf6 33. Qb4 a5 34. Qxa5
Rxf3 35. Kb2 Qxd6 36. Rgd1 Qf6 37. Rd7 h6 38. Qb4 Kh7 39. Rd6 Qe5 40. Rb6 Rc8
41. Rg1 Bc6 42. Rg4 Rf4 43. Rxf4 Qxf4 44. Qc5 Bd7 45. Qe7 Bf5 46. Rb7 Qd4 47. a4
Ra8 48. Rb4 Bxc2 49. Qe1 Bxa4 0-1

[Event "Malaysian Open"]
[Site "Kuala Lumpur MAS"]
[Date "2011.08.20"]
[Round "5.11"]
[White "Nolte, Rolando"]
[Black "Sharma, Dinesh K."]
[Result "1/2-1/2"]
[WhiteTitle "IM"]
[BlackTitle "IM"]
[WhiteElo "2433"]
[BlackElo "2350"]
[WhiteFideId "5200636"]
[BlackFideId "5004110"]
[EventDate "2011.08.18"]

1. e4 e5 2. Nf3 Nc6 3. d4 exd4 4. Nxd4 Bc5 5. Be3 Qf6 6. c3 Nge7 7. Bc4 Ne5 8.
Be2 O-O 9. f4 Qh6 10. O-O d5 11. Qd2 Ng4 12. Bxg4 Bxg4 13. f5 Qh5 14. h3 Bxh3
15. gxh3 Qxh3 16. f6 Qg3+ 17. Kh1 Qh3+ 18. Kg1 Qg3+ 19. Kh1 Qh3+ 20. Kg1 Qg3+ 1/2-1/2

[Event "Malaysian Open"]
[Site "Kuala Lumpur MAS"]
[Date "2011.08.20"]
[Round "5.13"]
[White "Laylo, Darwin"]
[Black "Wang, Jue"]
[Result "1/2-1/2"]
[WhiteTitle "GM"]
[WhiteElo "2528"]
[BlackElo "2294"]
[WhiteFideId "5201330"]
[BlackFideId "8604070"]
[EventDate "2011.08.18"]

1. d4 Nf6 2. c4 g6 3. g3 c6 4. Bg2 d5 5. cxd5 cxd5 6. Nf3 Bg7 7. O-O O-O 8. Ne5
Bf5 9. Nc3 Ne4 10. Qb3 Nc6 11. Rd1 Nxd4 12. Rxd4 Nxc3 13. bxc3 Bxe5 14. Rxd5 Qc7
15. Rb5 Qxc3 16. Qxc3 Bxc3 17. Bb2 Bxb2 18. Rxb2 Rab8 19. Rxb7 Rxb7 20. Bxb7 Rd8
21. Kf1 Kg7 22. Ke1 Kf6 23. Ba6 Rd6 24. Bc4 e5 25. Rd1 Rxd1+ 26. Kxd1 Be6 27.
Bxe6 Kxe6 28. e4 Kd6 29. Kc2 Kc5 30. Kc3 1/2-1/2

[Event "Malaysian Open"]
[Site "Kuala Lumpur MAS"]
[Date "2011.08.20"]
[Round "5.14"]
[White "Morris, James"]
[Black "Ju, Wenjun"]
[Result "1/2-1/2"]
[WhiteTitle "IM"]
[BlackTitle "WGM"]
[WhiteElo "2300"]
[BlackElo "2515"]
[WhiteFideId "3205800"]
[BlackFideId "8603006"]
[EventDate "2011.08.18"]

1. d4 Nf6 2. c4 g6 3. Nf3 Bg7 4. Nc3 O-O 5. Bf4 d6 6. e3 c6 7. Be2 a6 8. b4 b5
9. c5 a5 10. a3 axb4 11. axb4 Rxa1 12. Qxa1 Na6 13. Qa3 dxc5 14. bxc5 b4 15. Qa4
bxc3 16. Bxa6 Bxa6 17. Qxa6 Qa8 18. Qxa8 Rxa8 19. Ke2 Ne4 20. Rb1 f5 21. Kd3 Ra2
22. Bg3 g5 23. Ne5 Rd2+ 24. Kc4 f4 25. f3 Nxg3 26. hxg3 fxe3 27. Nd3 c2 28. Rc1
Rxg2 29. d5 cxd5+ 30. Kxd5 Bc3 31. c6 Ba5 32. Ke5 Bb6 33. g4 Rd2 34. Ne1 Rd4 35.
Kf5 Rd5+ 36. Ke4 Rd4+ 37. Kf5 Rd1 38. Rxc2 Rxe1 39. c7 Bxc7 40. Rxc7 Kf7 41. Ke4
e2 42. Ke3 Kf6 43. Kf2 Ra1 44. Kxe2 Ra3 45. Kf2 h6 46. Ke2 Ra2+ 47. Ke3 Ra3+ 48.
Ke4 Ra5 49. Kd4 Re5 50. Rc6+ e6 51. Rc8 Re1 52. Rh8 Kg7 53. Re8 Kf7 54. Rh8 e5+
55. Kd5 Kg7 56. Re8 Re3 57. Re7+ Kg8 58. Re8+ Kg7 59. Re7+ Kf6 60. Re6+ Kg7 61.
Re7+ Kf6 62. Re6+ Kf7 63. Rxh6 Rxf3 64. Ra6 Rf4 65. Kxe5 Rxg4 66. Kf5 Rg1 67.
Ra7+ Kf8 68. Kf6 Ke8 69. Rg7 g4 1/2-1/2

[Event "Malaysian Open"]
[Site "Kuala Lumpur MAS"]
[Date "2011.08.20"]
[Round "5.15"]
[White "Bitoon, Richard"]
[Black "Mariano, Nelson III"]
[Result "1-0"]
[WhiteTitle "IM"]
[WhiteElo "2491"]
[BlackElo "2242"]
[WhiteFideId "5201110"]
[BlackFideId "5201748"]
[EventDate "2011.08.18"]

1. Nf3 Nf6 2. d4 g6 3. Bf4 Bg7 4. Nbd2 O-O 5. e3 d6 6. c3 Nc6 7. Bb5 Nd7 8. O-O
a6 9. Bxc6 bxc6 10. Nc4 c5 11. Na5 cxd4 12. exd4 Nb6 13. Re1 Nd5 14. Bg5 Bd7 15.
Qd2 Re8 16. c4 Nf6 17. b4 Bg4 18. Qf4 Qd7 19. h3 Bxf3 20. Qxf3 d5 21. Bxf6 Bxf6
22. cxd5 Rab8 23. a3 Rb5 24. Rac1 Rxd5 25. Nc6 Rd6 26. Ne5 Qd8 27. Qb7 Qc8 28.
Qxc7 Qxc7 29. Rxc7 Rxd4 30. Nc6 Rd3 31. Re3 Rd1+ 32. Kh2 Bg5 33. Rf3 Rd6 34. a4
e5 35. b5 axb5 36. axb5 f5 37. b6 e4 38. Rb3 Bf4+ 39. g3 Rd2 40. gxf4 e3 41.
Ne7+ Kf8 42. Rxe3 Rxf2+ 43. Kg3 Rb2 44. b7 Rb4 1-0

[Event "Malaysian Open"]
[Site "Kuala Lumpur MAS"]
[Date "2011.08.20"]
[Round "5.16"]
[White "Bai, Jinshi"]
[Black "Iuldachev, Saidali"]
[Result "1-0"]
[BlackTitle "GM"]
[WhiteElo "2151"]
[BlackElo "2482"]
[WhiteFideId "8602280"]
[BlackFideId "14200104"]
[EventDate "2011.08.18"]

1. d4 Nf6 2. c4 d6 3. Nc3 Nbd7 4. Nf3 e5 5. e4 Be7 6. Be2 O-O 7. O-O c6 8. d5 a6
9. Be3 cxd5 10. cxd5 b5 11. b4 Nb6 12. Nd2 Bd7 13. Rc1 Rc8 14. Qb3 Ng4 15. Bxg4
Bxg4 16. Qa3 Nc4 17. Nxc4 Rxc4 18. Qxa6 Rxb4 19. f3 Bd7 20. Rb1 Rxb1 21. Rxb1 f5
22. Nxb5 fxe4 23. fxe4 Bg5 24. Bxg5 Qxg5 25. Nxd6 Qe3+ 26. Kh1 h5 27. Rf1 Rf4
28. Rxf4 exf4 29. Qf1 Bg4 30. h3 Be2 31. Qg1 Qd3 32. Qf2 f3 33. Kh2 fxg2 34.
Qf7+ Kh8 35. Qf8+ Kh7 36. Qf5+ Kh8 37. Nf7+ Kg8 38. Ng5 Qg3+ 39. Kxg3 g1=Q+ 40.
Kf4 Qc1+ 41. Ke5 Qc3+ 42. Ke6 Qc7 43. Qh7+ 1-0

[Event "Malaysian Open"]
[Site "Kuala Lumpur MAS"]
[Date "2011.08.20"]
[Round "5.17"]
[White "Lane, Gary W."]
[Black "Lei, Tingjie"]
[Result "1-0"]
[WhiteTitle "IM"]
[WhiteElo "2369"]
[BlackElo "2061"]
[WhiteFideId "3203301"]
[BlackFideId "8605114"]
[EventDate "2011.08.18"]

1. e4 c5 2. Nf3 Nc6 3. d4 cxd4 4. Nxd4 g6 5. c4 Bg7 6. Be3 Nf6 7. Nc3 O-O 8. Be2
d6 9. O-O Bd7 10. Nc2 Rc8 11. f3 Ne5 12. b3 a6 13. a4 Nc6 14. Qd2 Na5 15. Rab1
Qc7 16. Na3 e6 17. b4 Nc6 18. a5 e5 19. Bb6 Qb8 20. Nc2 Be6 21. Rfd1 Ne8 22. b5
axb5 23. cxb5 Ne7 24. Nb4 f5 25. Nbd5 Nxd5 26. Nxd5 Rf7 27. a6 bxa6 28. bxa6 Qa8
29. Ra1 Bf8 30. a7 fxe4 31. fxe4 Rc6 32. Bb5 1-0

[Event "Malaysian Open"]
[Site "Kuala Lumpur MAS"]
[Date "2011.08.20"]
[Round "5.18"]
[White "Pitra, Andika"]
[Black "Goswami, Vedant"]
[Result "1/2-1/2"]
[WhiteElo "2303"]
[BlackElo "2199"]
[WhiteFideId "7103255"]
[BlackFideId "5003725"]
[EventDate "2011.08.18"]

1. e4 c6 2. c4 d5 3. cxd5 cxd5 4. exd5 Nf6 5. Nc3 Nxd5 6. Nf3 e6 7. Bc4 Be7 8.
O-O O-O 9. d4 Nc6 10. Re1 Bf6 11. Bd3 Nce7 12. Ne4 Bd7 13. Nfg5 h6 14. Nh7 Kxh7
15. Nxf6+ Kh8 16. Nh7 Re8 17. Qh5 Nf5 18. Ng5 Qf6 19. Nxf7+ Kg8 20. Ne5 Bc6 21.
Nxc6 bxc6 22. Bxf5 Qxf5 23. Qxf5 exf5 24. Bd2 Kf7 25. Rac1 Rxe1+ 26. Rxe1 Rb8
27. b3 Nb4 28. Re5 Nxa2 29. Rxf5+ Ke6 30. Re5+ Kf6 31. Rc5 Rxb3 32. Rxc6+ Kf7
33. g4 Rb2 34. Bf4 Rb7 35. Be5 Nb4 36. Rc8 a5 37. Ra8 Nc6 38. Ra6 Nxe5 39. dxe5
Rb5 40. Ra7+ Kf8 41. Ra8+ Kf7 42. Ra7+ Kf8 43. f4 Rb4 44. Rxa5 Rxf4 45. h3 h5
46. Kg2 hxg4 47. Kg3 g5 48. hxg4 Re4 49. e6 Re3+ 50. Kf2 Rxe6 51. Rxg5 Kf7 52.
Kg3 Rg6 53. Rd5 Rb6 54. Kh4 Kg6 55. Rg5+ Kh6 56. Rh5+ Kg6 57. Rh8 Kg7 58. Rc8
Kg6 1/2-1/2

[Event "Malaysian Open"]
[Site "Kuala Lumpur MAS"]
[Date "2011.08.20"]
[Round "5.19"]
[White "Gasanov, Eldar"]
[Black "Zulfic, Fedja"]
[Result "1-0"]
[WhiteTitle "GM"]
[WhiteElo "2472"]
[BlackElo "2098"]
[WhiteFideId "14104466"]
[BlackFideId "3208427"]
[EventDate "2011.08.18"]

1. d4 Nf6 2. c4 c5 3. d5 b5 4. Nf3 g6 5. cxb5 a6 6. e3 Bg7 7. Nc3 O-O 8. a4 Bb7
9. Ra3 axb5 10. Bxb5 e6 11. Bc4 Na6 12. O-O Nb4 13. e4 Ra5 14. Bf4 Nxe4 15. Nxe4
exd5 16. Nd6 Bc6 17. Bb5 Bxb2 18. Rb3 Qf6 19. Qd2 c4 20. Rxb2 Nd3 21. Bg3 c3 22.
Qxd3 cxb2 23. Be5 1-0

[Event "Malaysian Open"]
[Site "Kuala Lumpur MAS"]
[Date "2011.08.20"]
[Round "5.20"]
[White "Lim, Zhuo Ren"]
[Black "Jia, Haoxiang"]
[Result "0-1"]
[WhiteElo "2155"]
[BlackElo "2369"]
[WhiteFideId "5702488"]
[BlackFideId "8602999"]
[EventDate "2011.08.18"]

1. d4 d5 2. Nf3 Nf6 3. g3 g6 4. Bg2 Bg7 5. c4 dxc4 6. Na3 c3 7. bxc3 c5 8. O-O
O-O 9. Nc4 Nc6 10. Ba3 cxd4 11. cxd4 Be6 12. Rc1 Bd5 13. e3 Re8 14. Qe2 Na5 15.
Nfd2 Nxc4 16. Nxc4 Bxg2 17. Kxg2 Rc8 18. Qf3 Nd5 19. Rfd1 Rc6 20. Ne5 Rf6 21.
Qe2 Ra6 22. Rd3 Nb6 23. e4 Nd7 24. Nc4 b5 25. Ne5 Nxe5 26. dxe5 Qb8 27. Rb3 Rb6
28. Bc5 Rb7 29. Rcb1 a6 30. f4 Qc8 31. Rc1 Rc7 32. Rbc3 Qb7 33. Kg1 Rec8 34.
R3c2 Rc6 35. Bb4 Bf8 36. Qd3 Rxc2 37. Rxc2 Rxc2 38. Qxc2 e6 39. Bxf8 Kxf8 40.
Qd3 Qb6+ 41. Kf1 Kg7 42. Qd6 Qe3 43. Qxa6 Qf3+ 44. Kg1 Qd1+ 45. Kf2 Qd2+ 46. Kg1
Qe1+ 47. Kg2 Qe2+ 48. Kg1 Qe1+ 49. Kg2 Qxe4+ 50. Kg1 Qb1+ 51. Kg2 g5 52. Qa3
Qc2+ 53. Kg1 Qd1+ 54. Kg2 Qe2+ 55. Kh3 gxf4 56. Qe7 fxg3 57. Qf6+ Kg8 58. hxg3
Qd3 59. Kg4 Qg6+ 60. Kf4 h6 61. Qxg6+ fxg6 62. Ke4 g5 63. g4 Kg7 64. Kd4 h5 65.
gxh5 Kh6 66. Kc5 g4 67. Kd6 g3 68. Kxe6 g2 69. Kd7 g1=Q 70. e6 Qa7+ 71. Ke8 Qxa2
72. e7 Qa8+ 0-1

[Event "Malaysian Open"]
[Site "Kuala Lumpur MAS"]
[Date "2011.08.20"]
[Round "5.22"]
[White "Chong, Chor Yuen"]
[Black "Muminova, Nafisa"]
[Result "1/2-1/2"]
[BlackTitle "WIM"]
[WhiteElo "2071"]
[BlackElo "2319"]
[WhiteFideId "6000320"]
[BlackFideId "14201526"]
[EventDate "2011.08.18"]

1. d4 Nf6 2. c4 e6 3. Nf3 d5 4. e3 g6 5. Nc3 Bg7 6. Bd3 O-O 7. O-O Nbd7 8. e4
dxe4 9. Nxe4 b6 10. Re1 Bb7 11. Bg5 Qc8 12. Qd2 Nxe4 13. Bxe4 Nf6 14. Bxb7 Qxb7
15. Bh6 c5 16. Bxg7 Kxg7 17. dxc5 bxc5 18. Qc3 Qe7 19. Ne5 Rac8 20. Qf3 Ne8 21.
Rad1 Nd6 22. b3 Qc7 23. Qc3 f6 24. Ng4 Rce8 25. h4 Nf5 26. h5 gxh5 27. Ne3 Nd4
28. Rd3 Rg8 29. Nf1 Kf7 30. Rh3 Rg5 31. Ng3 Reg8 32. Rxh5 Rxh5 33. Nxh5 Qc6 34.
Ng3 h5 35. b4 h4 36. Ne4 f5 37. bxc5 e5 38. Nd6+ Ke6 39. Rxe5+ Kd7 40. Qh3 Nf3+
41. Kf1 Nxe5 42. Qxf5+ Kd8 43. Qf6+ Kd7 44. Qf5+ Kd8 45. Qf6+ Kc7 46. Qxe5 Qxg2+
47. Ke1 Qg1+ 48. Ke2 Qg4+ 49. Ke1 Kd7 50. Ne4 Qg1+ 51. Ke2 Qg4+ 52. Ke1 Qg1+ 53.
Ke2 Qg4+ 54. Ke1 Qg1+ 55. Ke2 Qg4+ 1/2-1/2

[Event "Malaysian Open"]
[Site "Kuala Lumpur MAS"]
[Date "2011.08.20"]
[Round "5.23"]
[White "Cheah, Cheok Fung"]
[Black "Olay, Edgar Reggie"]
[Result "1/2-1/2"]
[WhiteElo "2008"]
[BlackElo "2303"]
[WhiteFideId "5703271"]
[BlackFideId "5206189"]
[EventDate "2011.08.18"]

1. Nf3 d5 2. d4 c6 3. c4 e6 4. e3 f5 5. Bd3 Nf6 6. O-O Bd6 7. b3 O-O 8. Ba3 Bxa3
9. Nxa3 Ne4 10. Nd2 Nxd2 11. Qxd2 Nd7 12. Qc3 Nf6 13. c5 Bd7 14. Nc2 Be8 15. b4
Qe7 16. a4 g5 17. b5 Ne4 18. Bxe4 fxe4 19. bxc6 bxc6 20. a5 Bh5 1/2-1/2

[Event "Malaysian Open"]
[Site "Kuala Lumpur MAS"]
[Date "2011.08.20"]
[Round "5.24"]
[White "Kojima, Shinya"]
[Black "Chen, Yibo"]
[Result "1/2-1/2"]
[WhiteTitle "FM"]
[WhiteElo "2300"]
[BlackElo "2152"]
[WhiteFideId "7000812"]
[BlackFideId "8605815"]
[EventDate "2011.08.18"]

1. Nf3 Nf6 2. c4 c6 3. d4 d5 4. e3 e6 5. b3 Nbd7 6. Bb2 Bd6 7. Bd3 O-O 8. O-O
Qe7 9. Ne5 c5 10. Nd2 Rd8 11. Qc2 Nf8 12. Rad1 Bd7 13. Rfe1 Rac8 14. Qb1 Be8 15.
Bf1 Qc7 16. g3 N8d7 17. Nef3 Be7 18. Bg2 Nb6 19. dxc5 Qxc5 20. Rc1 dxc4 21. Nxc4 1/2-1/2

[Event "Malaysian Open"]
[Site "Kuala Lumpur MAS"]
[Date "2011.08.20"]
[Round "5.26"]
[White "Shinoda, Taro"]
[Black "Yee, Soon Wei"]
[Result "1-0"]
[BlackTitle "FM"]
[WhiteElo "1897"]
[BlackElo "2281"]
[WhiteFideId "7001576"]
[BlackFideId "10500553"]
[EventDate "2011.08.18"]

1. d4 Nf6 2. c4 g6 3. Nc3 d5 4. Nf3 Bg7 5. Qb3 dxc4 6. Qxc4 O-O 7. e4 Nfd7 8.
Bf4 Nc6 9. Nd5 e5 10. Bg5 Nf6 11. dxe5 Nxe5 12. Nxe5 Be6 13. O-O-O Qd6 14. Bxf6
Bxd5 15. Bxg7 Bxc4 16. Rxd6 Rfe8 17. Rd4 Bxf1 18. Rxf1 Kxg7 19. f4 f6 20. Ng4
Re7 21. Rfd1 h5 22. Rd7 Re8 23. Nf2 Kh6 24. Rxe7 Rxe7 25. g4 g5 26. Rd5 hxg4 27.
Nxg4+ Kg6 28. f5+ Kf7 29. e5 fxe5 30. Rxe5 Rxe5 31. Nxe5+ Kf6 32. Nf3 Kxf5 33.
Kd2 Kf4 34. Ke2 g4 35. Nd4 g3 36. hxg3+ Kxg3 37. Nb5 Kf4 38. Nxc7 Ke5 39. Nb5 a6
40. Nc3 Kd4 41. Kd2 b5 42. b4 Kc4 43. a3 Kb3 44. Nd5 Kxa3 45. Kc3 Ka4 46. Nb6+
Ka3 47. Nd7 a5 48. bxa5 b4+ 49. Kc2 Ka2 50. Nc5 1-0

[Event "Malaysian Open"]
[Site "Kuala Lumpur MAS"]
[Date "2011.08.20"]
[Round "5.27"]
[White "Nguyen, Thi Mai Hung"]
[Black "Ismail, Ahmad"]
[Result "1-0"]
[WhiteTitle "WIM"]
[WhiteElo "2276"]
[BlackElo "1989"]
[WhiteFideId "12401676"]
[BlackFideId "5700655"]
[EventDate "2011.08.18"]

1. d4 Nf6 2. Bf4 d5 3. e3 Bf5 4. c4 e6 5. Qb3 Nbd7 6. Nc3 Be4 7. Nb5 e5 8. dxe5
Nc5 9. Qd1 c6 10. Nc3 Nfd7 11. f3 Bf5 12. cxd5 cxd5 13. Qxd5 Be6 14. Qd4 g5 15.
Bg3 Bg7 16. Rd1 Qb6 17. b4 Na6 18. a3 O-O 19. Ne4 Rad8 20. Qxb6 Nxb6 21. Nd6 Rb8
22. Bd3 Nd5 23. Kf2 h5 24. h4 g4 25. Ne2 gxf3 26. gxf3 Bh6 27. Nf4 Nac7 28. Rc1
Ne8 29. Nxd5 Bxd5 30. Nf5 1-0

[Event "Malaysian Open"]
[Site "Kuala Lumpur MAS"]
[Date "2011.08.20"]
[Round "5.28"]
[White "Adeimi, Michel"]
[Black "Wang, Yiye"]
[Result "1-0"]
[WhiteElo "1895"]
[BlackElo "2262"]
[WhiteFideId "689165"]
[BlackFideId "8606021"]
[EventDate "2011.08.18"]

1. e4 e6 2. Nf3 c5 3. c3 d5 4. exd5 exd5 5. Bb5+ Nc6 6. O-O Bd6 7. d4 Ne7 8. c4
O-O 9. cxd5 Nxd5 10. Nc3 Nxc3 11. bxc3 cxd4 12. Bxc6 bxc6 13. Qxd4 Qc7 14. Rd1
Rd8 15. Bf4 1-0

[Event "Malaysian Open"]
[Site "Kuala Lumpur MAS"]
[Date "2011.08.20"]
[Round "5.30"]
[White "Zhai, Mo"]
[Black "Narayanan, Renitha"]
[Result "1-0"]
[WhiteTitle "WFM"]
[WhiteElo "2198"]
[BlackElo "1717"]
[WhiteFideId "8600201"]
[BlackFideId "5702909"]
[EventDate "2011.08.18"]

1. e4 c5 2. Nf3 d6 3. d4 cxd4 4. Nxd4 Nf6 5. Nc3 a6 6. Bc4 e6 7. Bb3 Nbd7 8. Bg5
Nc5 9. f4 Be7 10. Qf3 Qc7 11. O-O-O b5 12. Rhe1 O-O 13. Qg3 b4 14. e5 Nxb3+ 15.
axb3 dxe5 16. Bxf6 Bxf6 17. Ne4 Be7 18. fxe5 Kh8 19. Nd6 Bb7 20. Qf4 Rad8 21.
Nf3 Bxd6 22. exd6 Qa5 23. Kb1 Bd5 24. Rd4 f6 25. Rxb4 Qc5 26. Qd4 Qxd6 27. Qb6
Qe7 28. Ra4 Rd6 29. Qc5 Bxf3 30. Rd4 Bd5 31. Rxd5 Rfd8 32. Rd3 h6 33. Re4 Qb7
34. Rb4 Qd7 35. Rc3 Rd1+ 36. Ka2 Qd2 37. Ra4 Qc1 38. b4 Qd2 39. Rg3 Qe1 40. Qa7
R8d7 41. Qxa6 Qe4 42. Qc8+ Rd8 43. Qc5 R1d5 44. Qc3 R5d7 45. Ra5 Qb7 46. b3 e5
47. Kb2 Rc8 48. Rc5 Ra8 49. Rg4 Rb8 50. Qc4 Rbd8 51. b5 Ra8 52. Qc3 Rad8 53. Rg3
Ra8 54. Rg4 Rad8 55. g3 Qb6 56. Ra4 Qb7 57. Ra6 Rd1 58. Qe3 R1d7 59. Rac6 Qa8
60. Rc4 Qb7 61. b6 Ra8 62. Qc5 Rad8 63. Rc7 Rxc7 64. Qxc7 Rd7 65. Qc8+ Kh7 66.
Qc6 f5 67. Qe6 Rf7 68. Qc6 Qe7 69. Qf3 e4 70. Qc3 Qd6 71. Rc7 Rf6 72. b7 Qb6 73.
Re7 e3 74. b8=Q Qxb8 75. Qxf6 1-0

[Event "Malaysian Open"]
[Site "Kuala Lumpur MAS"]
[Date "2011.08.20"]
[Round "5.32"]
[White "Salcedo, Richilieu"]
[Black "Ajeet Singh, Roshan"]
[Result "1/2-1/2"]
[WhiteElo "2222"]
[BlackElo "1864"]
[WhiteFideId "5204658"]
[BlackFideId "5704740"]
[EventDate "2011.08.18"]

1. c4 f5 2. d4 Nf6 3. h4 e6 4. Nc3 d5 5. Bg5 c6 6. Nf3 Be7 7. e3 O-O 8. c5 Nbd7
9. b4 Ne4 10. Nxe4 fxe4 11. Bxe7 Qxe7 12. Ne5 Nxe5 13. dxe5 b6 14. Rc1 a5 15. a3
axb4 16. axb4 Ba6 17. f4 exf3 18. gxf3 Bxf1 19. Kxf1 Ra3 20. Kf2 Ra2+ 21. Rc2
Rfa8 22. Qd2 Rxc2 23. Qxc2 bxc5 24. Qxc5 Qxc5 25. bxc5 Ra2+ 26. Kg3 Rc2 27. Ra1
Rxc5 28. Ra7 Kf8 29. h5 h6 30. f4 Rc3 31. Kf2 c5 32. Rd7 Rc2+ 33. Kf3 Rc3 34. f5
exf5 35. Kf4 Ke8 36. Rxg7 d4 37. exd4 cxd4 38. Rg6 Rh3 39. Rxh6 d3 40. Kxf5 Rf3+
41. Ke4 Rh3 42. Rd6 Rxh5 43. Rxd3 Rh6 44. Kd5 Ke7 45. Ra3 Rg6 46. Ra7+ Ke8 47.
Rh7 Ra6 48. Ke4 Rb6 49. Kf5 Ra6 50. Rh8+ Ke7 51. Rb8 Rc6 52. Rb7+ Ke8 53. Ra7
Rh6 54. Ra5 Rc6 55. e6 Rc1 56. Kf6 Rf1+ 1/2-1/2

[Event "Malaysian Open"]
[Site "Kuala Lumpur MAS"]
[Date "2011.08.20"]
[Round "5.33"]
[White "Nur, Nabila Azman Hisham"]
[Black "Subramaniam, Sumant"]
[Result "1-0"]
[WhiteTitle "WCM"]
[WhiteElo "1894"]
[BlackElo "2117"]
[WhiteFideId "5702135"]
[BlackFideId "5702720"]
[EventDate "2011.08.18"]

1. d4 Nf6 2. c4 c5 3. Nf3 g6 4. g3 Bg7 5. Bg2 Nc6 6. Nc3 O-O 7. d5 Na5 8. Qd3 d6
9. e4 Bg4 10. O-O a6 11. Rb1 Nd7 12. b3 Bxf3 13. Qxf3 Ne5 14. Qe3 Rb8 15. h3 b5
16. cxb5 axb5 17. Ne2 b4 18. f4 Bh6 19. Bb2 f6 20. Bxe5 fxe5 21. Qd3 Qb6 22. Kh2
Qb5 23. Qxb5 Rxb5 24. fxe5 Rxf1 25. Bxf1 dxe5 26. Nd4 Rb8 27. Ne6 Nb7 28. Ba6
Nd6 29. Re1 Ra8 30. Nxc5 Ra7 31. Re2 Rc7 32. Nd3 Rc3 33. Nxb4 Be3 34. Nd3 Bd4
35. Ne1 h5 36. Bd3 Nf7 37. Rc2 Ng5 38. Rxc3 Bxc3 39. Nc2 Nf3+ 40. Kg2 Nd4 41.
Nxd4 Bxd4 42. b4 Bc3 43. b5 Bd4 44. Bc4 Kf8 45. a4 Bb6 46. Kf3 g5 47. Bb3 Kg7
48. g4 hxg4+ 49. Kxg4 Kg6 50. Bd1 1-0

[Event "Malaysian Open"]
[Site "Kuala Lumpur MAS"]
[Date "2011.08.20"]
[Round "5.34"]
[White "Cai, Jiaying"]
[Black "Tan, Li Ting"]
[Result "1/2-1/2"]
[WhiteElo "2094"]
[BlackElo "1846"]
[WhiteFideId "8604312"]
[BlackFideId "5704820"]
[EventDate "2011.08.18"]

1. e4 e5 2. Nf3 Nc6 3. Bb5 a6 4. Ba4 Nf6 5. O-O b5 6. Bb3 Be7 7. Re1 d6 8. c3
O-O 9. d3 Na5 10. Bc2 c5 11. Nbd2 Nc6 12. Nf1 Re8 13. h3 Qc7 14. Ng3 Rb8 15. Nh2
d5 16. exd5 Nxd5 17. Qf3 Be6 18. Ng4 Rbd8 19. Nf5 Bf8 20. Ng3 Kh8 21. Bd2 Nde7
22. Rad1 Ng6 23. Nf5 Nce7 24. Nge3 Nd5 25. Nxd5 Bxd5 26. Qg4 Be6 27. Qf3 Bd5 28.
Qg4 Be6 1/2-1/2

[Event "Malaysian Open"]
[Site "Kuala Lumpur MAS"]
[Date "2011.08.20"]
[Round "5.35"]
[White "Ong, Way Justin"]
[Black "William, Lee Kah Howe"]
[Result "1-0"]
[WhiteElo "2041"]
[BlackElo "1800"]
[WhiteFideId "5703565"]
[BlackFideId "5702240"]
[EventDate "2011.08.18"]

1. e4 c5 2. Nf3 d6 3. d4 cxd4 4. Nxd4 Nf6 5. Nc3 a6 6. Be3 Ng4 7. Bc1 g6 8. f3
Ne5 9. Be3 Bg7 10. Qd2 Nbc6 11. O-O-O O-O 12. h4 h5 13. Nxc6 bxc6 14. Bh6 Be6
15. Bxg7 Kxg7 16. f4 Ng4 17. f5 Bd7 18. Qd4+ Kh7 19. Be2 c5 20. Qg1 gxf5 21.
Bxg4 hxg4 22. exf5 Bxf5 23. Qf2 e6 24. Qf4 Qf6 25. Rxd6 Rfd8 26. Ne4 Qe7 27. Qg5
Qxg5+ 28. hxg5+ Kg6 29. Rh6+ Kg7 30. Rxd8 Rxd8 31. Nxc5 Rc8 32. b4 Rc6 33. g3
Rb6 34. c3 a5 35. a3 Bg6 36. Rh2 Bf5 37. Rh6 Bg6 38. Kd2 e5 39. Rh1 Bf5 40. Re1
Rd6+ 41. Kc1 e4 42. Nxe4 Re6 43. b5 Rxe4 44. Rxe4 Bxe4 45. Kd2 Kg6 46. Ke3 Kf5
47. Kd4 Bf3 48. c4 Kxg5 49. c5 f5 50. Ke5 a4 51. c6 Bg2 52. Kd6 f4 53. gxf4+
Kxf4 54. b6 g3 55. b7 Bxc6 56. Kxc6 g2 57. b8=Q+ Kf3 58. Qb6 1-0